| 000 | 00719nam a2200241 a 4500 | ||
|---|---|---|---|
| 008 | |||
| 020 | _a1779003080 (pbk.) | ||
| 049 | _aMAIN | ||
| 090 | _aLC189GAW | ||
| 110 | 2 | _aGatawa, Bernard. S. M. | |
| 245 | 1 | 0 |
_aQuality-Quantity dilemma in education : _bThe Zimbabwean experience / _cBernard S. M. Gatawa. |
| 260 |
_aHarare : _bCollege Press, _c1998. |
||
| 300 |
_a142 p. ; _c21 cm. |
||
| 500 | _aIncludes bibliographical references. | ||
| 500 | _aIncludes index. | ||
| 610 | 2 | 0 | _aQuality Education. |
| 650 | 0 | _aEducation-Zimbabwe. | |
| 907 |
_a.b10128037 _b29-08-06 _c18-06-04 |
||
| 003 | |||
| 005 | 20230123133743.0 | ||
| 040 | _cNUST | ||
| 942 |
_cBOOKS _kLC189GAW |
||
| 999 |
_c154041 _d154041 |
||